IFM Opac

COMPARATIVE ECONOMIC SYSTEMS (Record no. 16535)

MARC details
000 -LEADER
fixed length control field 00360nam a22001457a 4500
020 ## - INTERNATIONAL STANDARD BOOK NUMBER
International Standard Book Number 002319510
082 ## - DEWEY DECIMAL CLASSIFICATION NUMBER
Classification number 330 CAR
100 ## - MAIN ENTRY--PERSONAL NAME
Personal name RICHARD L. CARSON
245 ## - TITLE STATEMENT
Title COMPARATIVE ECONOMIC SYSTEMS
260 ## - PUBLICATION, DISTRIBUTION, ETC.
Place of publication, distribution, etc. NEW YORK
Name of publisher, distributor, etc. MACMILAN
Date of publication, distribution, etc. 1974
300 ## - PHYSICAL DESCRIPTION
Extent Xii, 717p.
Other physical details ill.:23cm.
500 ## - GENERAL NOTE
General note include index
650 ## - SUBJECT ADDED ENTRY--TOPICAL TERM
Topical term or geographic name entry element COMPARATIVE ECONOMIC SYSTEMS
942 ## - ADDED ENTRY ELEMENTS (KOHA)
Koha item type Books
Holdings
Withdrawn status Lost status Damaged status Not for loan Home library Current library Shelving location Date acquired Total Checkouts Full call number Barcode Date last seen Price effective from Koha item type
Withdrawn       IFM Main Campus Library IFM Main Campus Library Archival Collection 09/30/2016   330 CAR 0000007127 09/30/2016 02/19/2022 Books